Food processing operations modeling: design and analysis

Wedi'i Gadw mewn:
Manylion Llyfryddiaeth
Prif Awdur: Irudayaraj, Joseph (Awdur)
Fformat: Llyfr
Iaith:Saesneg
Cyhoeddwyd: Nueva York Marcel Dekker 2001
Cyfres:Food Science and Technology. A Series of Monographs, Textbooks, and Reference Books, 107
Pynciau:
Tagiau: Ychwanegu Tag
Dim Tagiau, Byddwch y cyntaf i dagio'r cofnod hwn!

MARC

LEADER 00000nam a2200000 a 4500
001 UCN8541
003 CL-VaPUC
008 011116e20010000US |||||||||||||||||eng|d
082 0 4 |a 664.02  |b IRU  |2 21 
100 |a Irudayaraj, Joseph  |e author  |9 531659 
245 1 0 |a Food processing operations modeling: design and analysis 
300 |a 347 p 
942 |c BK 
945 |d 20011116 00:00:00  |a cmena 
260 |a Nueva York  |b Marcel Dekker  |c 2001 
650 0 |a Alimentos  |9 256203 
650 7 |a PROPIEDADES DE LOS ALIMENTOS  |2 CL-VaPUC  |9 436169 
650 7 |a TECNOLOGIA DE ALIMENTOS  |2 CL-VaPUC  |9 464811 
583 |a last modification  |c 20011116 00:00:00  |k Rodrigo Vera 
490 0 |a Food Science and Technology. A Series of Monographs, Textbooks, and Reference Books, 107 
999 |c 298380  |d 298378 
952 |0 0  |1 0  |2 ddc  |4 0  |6 664_020000000000000_IRU_2001  |7 0  |8 A  |9 353906  |a BIBALI  |b BIBALI  |c GEN  |d 2019-11-21  |i 3773272  |o 664.02 IRU 2001  |p 3773272  |r 2025-01-20  |w 2019-11-21  |y BK  |k ALI